000 01345nam0a2200265 4500
001 RU\NLR\bibl\1781554
005 20260405095804.0
035 _a(NLR Aleph) 001772304
090 _a1645531
_c1645531
100 _a20110621d2008 |||y0rusy50 ca
101 0 _arus
102 _aRU
105 _ay |||||||||
200 1 _aПодготовка врачей-стоматологов в интернатуре по специальности "Стоматология общей практики"
_eучебное пособие для системы послевузовского профессионального образования
_fА.А. Абрамов
210 _aСанкт-Петербург
_cИзд-во СПбМАПО
_d2008
215 _a130 с.
_d21
225 1 _aПоследипломное медицинское образование
606 1 _aСтоматологи
_jУчебные издания для последипломного образования
_xПодготовка
_92425550
_3RU\NLR\auth\661444131
686 _aР11(2)286.6п912я77
700 1 _4070
_8rus
_7ca
_aАбрамов
_bА. А.
_cканд. мед. наук
_gАнатолий Анатольевич
_3RU\NLR\auth\7736142
_919133
801 0 _aRU
_bNLR
_c20110621
_gRCR
801 1 _aRU
_bNLR
_c20110621
942 _cBOOK
980 _aNB